| 000 | 00387nam a2200145Ia 4500 | ||
|---|---|---|---|
| 008 | 230917s9999||||xx |||||||||||||| ||und|| | ||
| 040 |
_e60372 _aMAIN |
||
| 041 | _aEnglish | ||
| 082 | _a380.1456632 B768W | ||
| 100 | _aBriggs, Asa | ||
| 245 | 0 | _aWine for sale: victoria wine and the liquor trade 1860-1984 | |
| 260 |
_aLondon _bB T Batsford _c1985 |
||
| 300 | _aix, 199 p. | ||
| 942 | _cBK | ||
| 999 |
_c56045 _d56045 |
||